00429nam a2200169Ia 4500003000400000008004100004040001600045082001300061100002500074245003800099260004200137300001000179650001500189650001200204650002300216650002000239GCL140319s9999 xx 000 0 eng d aGCL / cGCL04a863bG Z1 aGALDOS, BENITO PEREZ10aZARAGOZA / cGALDOS, BENITO PEREZ a[S.N] : bALIANZA EDITORIAL ، c1986 a185 P04aLITERATURE04aFICTION04aSPANISH LITERATURE04aSPANISH FICTION